| 000 | 01576cam a2200253 4500 | ||
|---|---|---|---|
| 001 | WB3942-16 | ||
| 008 | 031105n2003 000 0 eng u | ||
| 035 | _a(Sirsi) u124246 | ||
| 245 | _aRenewable energy planning statement consultation | ||
| 260 | _c2003 | ||
| 490 |
_aODPM News Release _v(2003/0230) 5 November 2003 (2) |
||
| 520 | _aA new planning statement on renewable energy (PPS22) has been released for public consultation until 30 January 2004. The guidance will cover renewable energy including solar power, wind farms and biofuel. It will assist local planning authorities to take account of the wider and long-term environmental considerations of renewable energy developments, particularly in areas of landscape and environmental sensitivity, as well as the visual impact of new developments. It is intended that PPS22 and the as yet to be drafted companion guide will replace PPG22 (February 1993). The draft PPS22 is available at http://www.odpm.gov.uk/stellent/groups/odpm_planning/documents/page/odpm_plan_025517.hcsp. PPG22 is available at http://www.odpm.gov.uk/stellent/groups/odpm_control/documents/contentservertemplate/odpm_index.hcst?n=3440&l=3. http://www.odpm.gov.uk/pns/DisplayPN.cgi?pn_id=2003_0230 | ||
| 590 | _aWB | ||
| 650 | _aPLANNING POLICY STATEMENT 22 | ||
| 650 | _aPPG22 | ||
| 650 | _aSOLAR POWER | ||
| 650 | _aBIOFUEL | ||
| 650 | _aRENEWABLE ENERGY | ||
| 650 | _aGLOBAL WARMING | ||
| 650 | _aCLIMATE CHANGE | ||
| 650 | _aWIND FARMS | ||
| 690 | _aENVIRONMENTAL AND LAND CONSULTANCY-PLANNING AND DEVELOPMENT | ||
| 942 | _n0 | ||
| 999 |
_c73750 _d73750 |
||